000 01800nab a2200325 a 4500
005 20210219162418.0
008 991125s1985 mx 000 0 spa u
035 _aUPN01000203896
049 _aART-E
100 1 _aGonzález Gil, Francisca
100 1 _ufrang@usal.es
100 1 _aMartín Pastor, María Elena
100 1 _uemapa@usal.es
222 0 _aCUESTIONES DE GENERO :
_bDE LA IGUALDAD Y LA DIFERENCIA
245 0 0 _aEducación para todos: formación docente, género y atención a la diversidad
260 _aEspaña
300 _a11-28
362 0 _a2014 No. 9
520 3 _aA lo largo de la historia nos encontramos con numerosos colectivos de nuestra sociedad que han sido, y en ocasiones siguen siéndolo, objeto de exclusión tanto educativa como social: mujeres, personas con discapacidad, minorías étnicas y culturales, etc., poniendo de manifiesto la importancia de construir una escuela para todos que les proporcione la respuesta adecuada a sus necesidades. Así, la formación del profesorado para la inclusión se convierte en una herramienta clave que permita lograr dicho objetivo. En este artículo presentamos un estudio sobre las necesidades de formación docente para la inclusión que el profesorado de Castilla y León encuentra a la hora de abordar de manera coherente la atención a la diversidad del alumnado con el que trabajan (género, cultura, etc.).
653 0 _aINCLUSION EDUCATIVA
653 0 _aFORMACION DOCENTE
653 0 _aDIVERSIDAD EDUCATIVA
653 0 _aGENERO
856 4 _uhttp://revpubli.unileon.es/ojs/index.php/cuestionesdegenero/article/view/1151/1018
905 _aArticulo
336 _atexto$2rdacontent
337 _acomputadora$2rdamedia
338 _arecurso en linea$2rdacarrier
999 _c175997
_d175997